00740 2200241 4500001002100000005001700021008004100038020001800079035002400097082001200121090002200133110004700155245011400202260003200316300002300348650004600371850001600417980001400433985000600447999001500453999001500468999001500483YOGYA-0209000004089920090227025718.0 ind  a979-396-388-3 0010-020900000040899 a342.007 a342.007bInd UlR aINDONESIA. [Undang-undang, Peraturan, dsb] aUndang-undang RI Nomor 3 Tahun 2005 & Peraturan Pemerintah Tahun 2007 tentang Sistim keolahragaan Nasional .. aBandungbCitra Umbarac2007 aii, 186 hlmc21 cm aOlah raga - Undang-undang, Peraturan, dsb aYOPDYOG (B) a1-11-2007 a1 a07B0032659 a07B0032660 a07B0032661